Contemporary political theory: basic concepts and major trends (Record no. 419751)

000 -LEADER
fixed length control field 00359cam a22001217a 4500
008 - FIXED-LENGTH DATA ELEMENTS--GENERAL INFORMATION
fixed length control field 180718b1979 xxu||||| |||| 00| 0 eng d
082 ## - DEWEY DECIMAL CLASSIFICATION NUMBER
Classification number B2 J599
100 ## - MAIN ENTRY--PERSONAL NAME
Personal name Johari, J.C.
245 ## - TITLE STATEMENT
Title Contemporary political theory: basic concepts and major trends
Statement of responsibility, etc. by J.C. Johari
260 ## - PUBLICATION, DISTRIBUTION, ETC.
Place of publication, distribution, etc. New Delhi
Name of publisher, distributor, etc. Sterling
Date of publication, distribution, etc. 1979
300 ## - PHYSICAL DESCRIPTION
Extent xv, 445p
650 ## - SUBJECT ADDED ENTRY--TOPICAL TERM
Topical term or geographic name entry element Political science.
Holdings
Withdrawn status Lost status Damaged status Not for loan Permanent Location Current Location Date acquired Full call number Barcode Date last seen Price effective from Koha item type
        Indian Institute of Public Administration Indian Institute of Public Administration 2009-07-09 B2 J599 55563 2018-07-21 2018-07-21 Book
        Indian Institute of Public Administration Indian Institute of Public Administration 2009-07-09 B2 J599 55562 2018-07-21 2018-07-21 Book

Powered by Koha